Хаан цадиг (Бичлэгийн дугаар. 45415)
[ энгийн харах ]
| 000 -Удирдлага | |
|---|---|
| Ном зүйн бүртгэл тоо буюу кодлох утгыг агуулсан | 01253 a2200217 4500 |
| 003 - ХЯНАЛТЫН ТОО ТОДОРХОЙЛОГЧ | |
| Код | MN-UlNLM |
| 005 - ХАМГИЙН СҮҮЛИЙН ҮЕИЙН ХЭЛЦЛИЙН ОГНОО БА ЦАГ | |
| Тухайн бичилтийг бичсэн засварласан сүүлийн огноо. | 20220505204759.0 |
| 008 - ЕРӨНХИЙ МЭДЭЭЛЭЛ-ЭЛЕМЕНТҮҮДИЙН ӨГӨГДЛИЙН УРТ | |
| fixed length control field | a130t2013 mp ||||| |||| 00| mon d |
| 020 ## - ОЛОН УЛСЫН СТАНДАРТ НОМЫН ДУГААР-ISBN | |
| Олон Улсын Стандарт Номын Дугаар | 978-99962-4850-4 |
| 040 ## - ЭХ СУРВАЛЖИЙГ ТОДОРХОЙЛОН БИЧИХ | |
| Анхны каталогийн байгууллага | Монгол Улсын Үндэсний номын сан |
| 084 ## - БУСАД АНГИЛЛЫН ДУГААР | |
| Анги | 84(5Мон)-44 |
| Ангиллын нэр | Номын сан номзүйн ангилал |
| Зохиогчийн 3-н тэмдэгт | Х 107 |
| Шинжлэх ухааны мэдлэгийн салбар | Уран зохиол - 84 |
| 245 1# - ҮНДСЭН ГАРЧИГ | |
| Гарчиг | Хаан цадиг |
| Гарчигт хамааралтай мэдээ | Түүхэн туужис |
| Оролцогчдын тухай мэдээ | Эрхл. Д.Гүн-Үйлс, Тех. ред. М.Тэгшжаргал |
| 260 0# - ГАРАЛТЫН ТУХАЙ МЭДЭЭ | |
| Хэвлэгдсэн он | 2013 |
| Хэвлэгдсэн газар | УБ |
| 300 ## - ТООНЫ МЭДЭЭ | |
| Хуудасны тоо | 624х |
| 546 ## - ХЭЛНИЙ ТУХАЙ МЭДЭЭ | |
| Хэл | |
| 653 ## - ТҮЛХҮҮР ҮГС | |
| Түлхүүр үг | Уран зохиол |
| -- | Монголын уран зохиол Тууж |
| 740 ## - НОМЫН АГУУЛГЫН ГАРЧИГ | |
| Номын гарчгууд | С.Пүрэв Бөх Бэлгүтэй. |
| -- | Б.Өлзийсүрэн Ботохой хатан. |
| -- | Т.Баянсан Эзний хязгаарт. |
| -- | Т.Жамбалдорж Орчилдсон тэнгэр. |
| -- | Ч.Жанчивдорж Гэрэлт цагаан суварга. |
| -- | Д.Мягмарсүрэн Галдан бошгот хаан. |
| -- | Б.Ойдов Орлой мэргэн цагаан. |
| -- | С.Оюун Алтан урагийн босго. |
| -- | Д.Цэнджав Улаан тэргэл сар. |
| -- | Х.Зандраабайдий Дөрвөн зүгийн дайсны дунд. |
| 856 ## - ЭЛЕКТРОН БАЙРЛАЛ БА ХОЛБООС | |
| Төрөл | Хэвлэмэл ном |
| 942 ## - ЭЛЕМЕНТИЙН ТӨРӨЛ | |
| Төрөл | Ном |
| Буцаан татагдсан төлөв | Хасагдсан шалтгаан | Гэмтсэн төлөв | Данс заагч | Захиалах боломжгүй | Үндсэн номын сан | Одоогийн байршил | Салбар танхим | Сан хөмрөг 5 | Бүртгэсэн огноо | Тавиурын заалт | Баркод | Үнэ | Хамгийн сүүлд байсан огноо | Салбар | Нийт уншлаганд гарсан тоо | Хамгийн сүүлд уншлаганд гарсан огноо | Төрөл | Бүрдүүлэлтийн эх үүсвэр | Уншигчдад зориулсан мэдээлэл |
|---|---|---|---|---|---|---|---|---|---|---|---|---|---|---|---|---|---|---|---|
| МУҮндэсний Номын сан | МУҮНомын сан салбар | МУҮНС төв | Ойр фонд | МУҮНС төв | Ойр фонд | 2021-09-01 | 11852 | 03011852 | 30000.00 | 2024-09-11 | 0000030118 | 6 | 2024-06-27 | Ном | |||||||
| МУҮНомын сан салбар | МУҮНомын сан салбар | МУҮНС салбар | Язгуур танхим 8 давхар | МУҮНС салбар | Язгуур танхим 8 давхар | 2021-09-01 | 11853 | 03011853 | 30000.00 | 2024-09-11 | 0000030118 | 1 | 2017-03-17 | Ном | |||||||
| МУҮНомын сан салбар | МУҮНомын сан салбар | МУҮНС салбар | Язгуур танхим 8 давхар | МУҮНС салбар | Язгуур танхим 8 давхар | 2021-09-01 | 11851 | 03011851 | 30000.00 | 2021-09-01 | 0000030118 | Ном | |||||||||
| МУҮНомын сан салбар | МУҮНомын сан салбар | МУҮНС салбар | Язгуур танхим 8 давхар | МУҮНС салбар | Язгуур танхим 8 давхар | 2021-01-25 | 11854 | 03011854 | 30000.00 | 2024-09-11 | 6 | 2024-06-19 | Ном | ||||||||
| МУҮНомын сан салбар | МУҮНомын сан салбар | МУҮНС салбар | Цахим танхим 3 давхар | МУҮНС салбар | Цахим танхим 3 давхар | 2022-01-25 | 592 | 000911000592 | 5240.00 | 2022-01-25 | Цахим материал | Худалдан авсан | Киндлээр уншина |